| 000 | 01119nam a22002297a 4500 | ||
|---|---|---|---|
| 008 | 081007t xxu||||| |||| 00| 0 mar | ||
| 010 | _aMAR-19884 | ||
| 020 | _c350.00 | ||
| 035 | _aMR-12542 | ||
| 037 | _aD.B.Act /pub | ||
| 082 | _a823 | ||
| 100 | _aग्रिशॅम, जॉन | ||
| 245 |
_aद टेस्टामेंट / _cजॉन ग्रिश |
||
| 246 |
_aThe Testament _bby John Garisham |
||
| 260 |
_aपुणे _bमेहता पब्लिशिंग हाऊस _c2008 |
||
| 270 |
_a1941, सदाशिव पेठ _bपुणे _e411030 _k020-24476924 |
||
| 300 |
_aदहा,275 पृ _c22सेमी (अजिल्द) |
||
| 650 |
_aअंग्रेजी कादंबरी _xमराठी में अनुवाद |
||
| 650 |
_aEnglish Novel _xtranslation into Marathi |
||
| 942 |
_2ddc _cMR _h841.463 _k841.463 / ग्रिशॅम _mग्रिशॅम |
||
| 999 |
_c16417 _d16417 |
||